000 00386nam a22001697a 4500
003 UA-OsUOA
001 2838
007 ta
008 20050721b un ||||| |||| 00| 0 ukr d
100 _aSullivan
700 _aRick
942 _cBK
040 _aUA-OsUOA
_cUA-OsUOA
_dUA-OsUOA
245 _aInsider's guide to ENABLE : tips and techniques.
_bScience
955 _a2
650 7 _2UDC
999 _c289000
_d289000